Представление документа в формате RUSMARC

ПолеНазваниеЗначение
  Тип записи a
  Библиографический уровень m
001 Контрольный номер RU/SLIB/B/208728588
005 Дата корректировки 20231026163436.9
010 Индекс ISBN __
d Цена 0-15
101 Язык документа 0_
a Язык текста rus
c Язык оригинала rus
200 Заглавие и сведения об ответственности 1_
a Заглавие Дом на улице Станкевича
e Сведения, относящиеся к заглавию из хроники старомосковского особняка
f Первые сведения об ответственности П. П. Пинчуков
b Общее обозначение материала Текст
210 Выходные данные 1_
a Место издания М.
c Издательство Моск. рабочий
d Дата издания 1981
215 Физическое описание __
a Объем 32 с.
600 Персоналии _1
a Персоналии (Фамилия) Сумароков, А. П.
600 Персоналии _1
a Персоналии (Фамилия) Баратынский, Е. А.
600 Персоналии _1
a Персоналии (Фамилия) Пушкин, А. С.
600 Персоналии _1
a Персоналии (Фамилия) Станкевич, А. В.
600 Персоналии _1
a Персоналии (Фамилия) Жолтовский, И. В.
606 Тематические рубрики __
a Основная рубрика История
y Географическая подрубрика Москва; Россия
606 Тематические рубрики __
a Основная рубрика История России в целом
610 Ключевые слова 0_
a Ключевые слова персоналии; историческая литература; поэты; писатели; прозаики; памятные места; музеи
686 Индексы других классификаций __
a Классификационный индекс 63.3(2-2Москва)л6; ст63.3(2-2Москва)л6
700 Автор _1
a Фамилия Пинчуков
b Имя П. П.
4 Код отношения 070
801 Источник записи _0
a Страна RU
b Организация Муниципальное бюджетное учреждение культуры "Централизованная библиотечная система" г. Сургут (Центральная городская библиотека им. А. С. Пушкина)
g Правила каталогизации КиК/Елгина
801 Источник записи _1
a Страна RU
b Организация Муниципальное бюджетное учреждение культуры "Централизованная библиотечная система" г. Сургут (Центральная городская библиотека им. А. С. Пушкина)
g Правила каталогизации КиК/Елгина
852 Данные о местонахождении __
j Шифр хранения 63.3(2-2Москва)л6
c Каталожный индекс 63.3(2-2Москва)л6
i Авторский знак П 32
p Инвентарный номер Б/Н
901 Тип документа __
t Тип документа m
969 Тип издания __
a Тип издания путеводитель
990 Данные о заказе (DOS) __
j Количество экземпляров (DOS) 2
h N записи в КСУ для Б/У (DOS) 199301